The “Brown Gold” of East Berlin: East German Energy Policies in the 1950s (notice n° 1613467)
[ vue normale ]
| 000 -LEADER | |
|---|---|
| fixed length control field | 01270cam a2200217 4500500 |
| 005 - DATE AND TIME OF LATEST TRANSACTION | |
| control field | 20260111052826.0 |
| 041 ## - LANGUAGE CODE | |
| Language code of text/sound track or separate title | fre |
| 042 ## - AUTHENTICATION CODE | |
| Authentication code | dc |
| 100 10 - MAIN ENTRY--PERSONAL NAME | |
| Personal name | Scognamiglio, Anna Maria |
| Relator term | author |
| 245 00 - TITLE STATEMENT | |
| Title | The “Brown Gold” of East Berlin: East German Energy Policies in the 1950s |
| 260 ## - PUBLICATION, DISTRIBUTION, ETC. | |
| Date of publication, distribution, etc. | 2025.<br/> |
| 500 ## - GENERAL NOTE | |
| General note | 53 |
| 520 ## - SUMMARY, ETC. | |
| Summary, etc. | This article examines the energy policy in the industrial sector in East Germany during the first fifteen years after World War II. It deals with energy scarcity generated by the disruption of hard coal supplies from West German regions to East Germany. The article traces the measures taken by the communist authorities to cope with the hard coal shortage and create an alternative energy basis on which to build the German Democratic Republic. These measures relied, in particular, on increased domestic lignite mining, which were identified as crucial to ensure the energy security of the country. |
| 690 ## - LOCAL SUBJECT ADDED ENTRY--TOPICAL TERM (OCLC, RLIN) | |
| Topical term or geographic name as entry element | Brown coal |
| 690 ## - LOCAL SUBJECT ADDED ENTRY--TOPICAL TERM (OCLC, RLIN) | |
| Topical term or geographic name as entry element | Energy |
| 690 ## - LOCAL SUBJECT ADDED ENTRY--TOPICAL TERM (OCLC, RLIN) | |
| Topical term or geographic name as entry element | Energy shortages |
| 690 ## - LOCAL SUBJECT ADDED ENTRY--TOPICAL TERM (OCLC, RLIN) | |
| Topical term or geographic name as entry element | GDR |
| 690 ## - LOCAL SUBJECT ADDED ENTRY--TOPICAL TERM (OCLC, RLIN) | |
| Topical term or geographic name as entry element | Lignite |
| 786 0# - DATA SOURCE ENTRY | |
| Note | Journal of Energy History | 14 | 1 | 2025-12-10 | p. 121-136 | 2649-3055 |
| 856 41 - ELECTRONIC LOCATION AND ACCESS | |
| Uniform Resource Identifier | <a href="https://stm.cairn.info/journal-journal-of-energy-history-2025-1-page-121?lang=en&redirect-ssocas=7080">https://stm.cairn.info/journal-journal-of-energy-history-2025-1-page-121?lang=en&redirect-ssocas=7080</a> |
Pas d'exemplaire disponible.




Réseaux sociaux